Studies on the utilisation of rubber (Hevea brasiliensis) seed cake as an ingredient in concentrate ration for dairy cows (Record no. 45712)

MARC details
000 -LEADER
fixed length control field 00417nam a2200121Ia 4500
100 ## - MAIN ENTRY--AUTHOR NAME
Personal name Menachery
245 #0 - TITLE STATEMENT
Title Studies on the utilisation of rubber (Hevea brasiliensis) seed cake as an ingredient in concentrate ration for dairy cows
260 ## - PUBLICATION, DISTRIBUTION, ETC. (IMPRINT)
Name of publisher Indian Journal of Nutrition and Dietetics
Year of publication 1978
300 ## - PHYSICAL DESCRIPTION
Number of Pages 350-355
700 ## - ADDED ENTRY--PERSONAL NAME
Personal name Ananthasubramaniam CR
942 ## - ADDED ENTRY ELEMENTS (KOHA)
Koha item type Reprints
Holdings
Withdrawn status Lost status Damaged status Not for loan Home library Current library Date acquired Serial Enumeration / chronology Accession Number Koha item type
      Reprints RRII Library RRII Library 22/12/2021 Volume 15, Issue P738 Reprints